Die Länder mit der jüngsten Bevölkerung der Welt - Statistiken

Allgemein
  • Dieses Quiz wurde 185 mal gespielt
  • Das Durchschnittsergebnis liegt bei 11 aus 20
Antwortstatistiken
Hint Antwort % Korrekt
14,9 Jahre Niger
88%
16,8 Jahre Demokratische Republik Kongo
86%
17,9 Jahre Nigeria
84%
16,1 Jahre Tschad
78%
16 Jahre Mali
75%
15,8 Jahre Uganda
71%
16,4 Jahre Angola
68%
16,5 Jahre Somalia
66%
17,6 Jahre Burundi
61%
17,3 Jahre Tansania
61%
17,1 Jahre Sambia
59%
17,2 Jahre Mosambik
57%
17 Jahre Burkina Faso
56%
17 Jahre Gambia
55%
18,2 Jahre Benin
54%
17,4 Jahre Malawi
51%
17,8 Jahre Zentralafrikanische Republik
23%
17,3 Jahre Afghanistan
18%
18,1 Jahre Sao Tome und Principe
18%
17,4 Jahre Osttimor
9%
Keine übereinstimmenden Quizze gefunden
Verteilung der Resultate
Anzahl Personen mit jedem Resultat
Perzentil nach korrekt beantworteten Fragen
Ihre Resultats-Entwicklung
Sie haben dieses Quiz noch nicht gespielt